[Event "Barcelona Navidad Amateurs 2nd"]
[Site "Barcelona"]
[Date "2019.01.04"]
[Round "8.5"]
[White "Zacarias Guerra, Pedro"]
[Black "Tortosa Moros, Joan"]
[Result "0-1"]
[WhiteElo "1646"]
[BlackElo "1859"]
[PlyCount "52"]
[EventDate "2018.12.27"]
[EventType "swiss"]
[EventRounds "9"]
[EventCountry "ESP"]
[SourceTitle "EXT 2024"]
[Source "ChessBase"]
[SourceDate "2023.10.10"]
[SourceVersion "1"]
[SourceVersionDate "2023.10.10"]
[SourceQuality "1"]

1. e4 c5 2. Bc4 e6 3. Nc3 Nc6 4. Nf3 Nge7 5. 0-0 d5 6. exd5 exd5 7. Be2 g6 8. d4 c4 9. Bg5 Bg7 10. h3 0-0 11. Qd2 Qb6 12. Bxe7 Nxe7 13. Rab1 Be6 14. b3 Qc6 15. b4 a6 16. Nd1 Nf5 17. c3 Nd6 18. Ng5 Bf5 19. Ra1 Bh6 20. f4 f6 21. Nf3 Ne4 22. Qc1 Rfe8 23. g4 Ng3 24. Re1 Rxe2 25. gxf5 Rxe1+ 26. Nxe1 Ne2+ 0-1

[Event "Barcelona Navidad Amateurs 2nd"]
[Site "Barcelona"]
[Date "2018.12.31"]
[Round "5.2"]
[White "Zacarias Guerra, Pedro"]
[Black "Ruiz Serra, Guillem"]
[Result "1-0"]
[WhiteElo "1646"]
[BlackElo "1658"]
[PlyCount "81"]
[EventDate "2018.12.27"]
[EventType "swiss"]
[EventRounds "9"]
[EventCountry "ESP"]
[SourceTitle "EXT 2024"]
[Source "ChessBase"]
[SourceDate "2023.10.10"]
[SourceVersion "1"]
[SourceVersionDate "2023.10.10"]
[SourceQuality "1"]

1. e4 e5 2. Bc4 Nf6 3. Nc3 Nc6 4. a3 a6 5. Nf3 b5 6. Be2 d5 7. d3 Be7 8. exd5 Nxd5 9. Bd2 Bb7 10. Ne4 Nf6 11. Be3 Nxe4 12. dxe4 0-0 13. 0-0 Qxd1 14. Raxd1 Rfd8 15. Bd3 Bd6 16. Bd2 Nd4 17. c3 Nxf3+ 18. gxf3 c5 19. c4 Bc7 20. Be2 Bc6 21. cxb5 Bxb5 22. Bxb5 axb5 23. Kh1 Rd3 24. f4 Rad8 25. Rc1 Rxd2 26. Rxc5 Bb6 27. Rxb5 Rxf2 28. Rxf2 Bxf2 29. Rxe5 Kf8 30. b4 Rd1+ 31. Kg2 Rd2 32. Kf3 Bg1 33. Rd5 Rxh2 34. a4 Rf2+ 35. Kg3 Re2 36. e5 Re4 37. Rb5 Be3 38. Kf3 Rxf4+ 39. Kxe3 Rc4 40. a5 Rc7 41. a6 1-0

[Event "Barcelona Navidad Amateurs 2nd"]
[Site "Barcelona"]
[Date "2018.12.27"]
[Round "1.4"]
[White "Zacarias Guerra, Pedro"]
[Black "Ani, Virgil"]
[Result "1/2-1/2"]
[WhiteElo "1646"]
[BlackElo "1728"]
[PlyCount "137"]
[EventDate "2018.12.27"]
[EventType "swiss"]
[EventRounds "9"]
[EventCountry "ESP"]
[SourceTitle "EXT 2024"]
[Source "ChessBase"]
[SourceDate "2023.10.10"]
[SourceVersion "1"]
[SourceVersionDate "2023.10.10"]
[SourceQuality "1"]

1. d4 e5 2. dxe5 Nc6 3. Nf3 Qe7 4. Nc3 Nxe5 5. Nxe5 Qxe5 6. Qd5 Qxd5 7. Nxd5 Bd6 8. e4 c6 9. Nc3 Ne7 10. Bc4 0-0 11. 0-0 Ng6 12. Rd1 Bc7 13. Bd3 d6 14. Rf1 b5 15. Be3 Ne5 16. a3 Nxd3 17. cxd3 Re8 18. Bf4 a6 19. Kh1 Be6 20. b4 f6 21. h4 a5 22. f3 Ra6 23. g4 Rea8 24. Rac1 g6 25. Rfe1 Kg7 26. g5 fxg5 27. hxg5 Rf8 28. Ne2 axb4 29. axb4 Bb8 30. Ra1 Ra4 31. Nd4 Bd7 32. Rxa4 bxa4 33. Ne2 Be6 34. Kg2 Bb3 35. Bc1 d5 36. Ba3 Bd6 37. Nd4 dxe4 38. dxe4 Bf4 39. Nxb3 axb3 40. Rb1 Bxg5 41. Rxb3 Rb8 42. Rc3 Rb6 43. Bb2 Bf6 44. Rc2 Bxb2 45. Rxb2 c5 46. b5 Kf6 47. Kf2 g5 48. Ke3 Ke5 49. Rh2 h6 50. Rb2 h5 51. Rg2 Kf6 52. Rh2 Kg6 53. f4 Rxb5 54. fxg5 Kxg5 55. Rg2+ Kh6 56. e5 Rb6 57. Ke4 h4 58. Kd5 Kh5 59. Kxc5 h3 60. Rh2 Rb3 61. e6 Kg4 62. Re2 Rc3+ 63. Kd6 Rd3+ 64. Ke5 Kf3 65. Rh2 Kg3 66. Rxh3+ Kxh3 67. e7 Re3+ 68. Kd6 Rxe7 69. Kxe7 1/2-1/2